[Event "46th POL-ChT"]
[Site "Bydgoszcz POL"]
[Date "1990.09.??"]
[Round "?"]
[White "Kuczynski, Robert"]
[Black "Matlak, Marek"]
[Result "1/2-1/2"]
[WhiteElo "2460"]
[BlackElo "2420"]
[EventDate "1990.09.15"]
[PlyCount "27"]

1.e4 c6 2.d4 d5 3.Nd2 dxe4 4.Nxe4 Bf5 5.Ng3 Bg6 6.h4 h6 7.Nf3 Nd7 8.h5 Bh7
9.Bd3 Bxd3 10.Qxd3 Qc7 11.Bd2 e6 12.O-O-O Ngf6 13.Ne4 O-O-O 14.Nxf6 
1/2-1/2

[Event "46th POL-ChT"]
[Site "Bydgoszcz POL"]
[Date "1990.09.??"]
[Round "?"]
[White "Maciejewski, Miroslaw"]
[Black "Strzelecki, Krzysztof"]
[Result "1/2-1/2"]
[WhiteElo "2355"]
[BlackElo "2415"]
[EventDate "1990.09.15"]
[PlyCount "38"]

1.e4 c5 2.Nf3 d6 3.d4 Nf6 4.Nc3 cxd4 5.Nxd4 a6 6.Bg5 e6 7.f4 Qb6 8.Qd2 
Qxb2 9.Rb1 Qa3 10.f5 Nc6 11.fxe6 fxe6 12.Nxc6 bxc6 13.Be2 Be7 14.O-O O-O 
15.Rb3 Qc5+ 16.Be3 Qe5 17.Bd4 Qa5 18.Bb6 Qe5 19.Bd4 Qa5 1/2-1/2